| 000 | 00694nam a22002297a 4500 | ||
|---|---|---|---|
| 005 | 20170124105920.0 | ||
| 010 | _aB-120760 | ||
| 020 |
_c650.00 _a9798172731228 |
||
| 035 | _aB-120760 | ||
| 037 | _bCen Lib/Ret | ||
| 040 |
_aDPL _bEN |
||
| 082 |
_a371 _bKRI |
||
| 100 |
_aKrishnamurthy, RC _980954 |
||
| 245 |
_aEducational technology expanding our vision / _cby RC Krishnamurthy |
||
| 260 |
_aDelhi _bAuthors press _c2003 |
||
| 270 |
_aE-35/103, Jawahar park Laxmi nagar _bDelhi _e110092 |
||
| 300 |
_a344p. _c21cm(Hb) |
||
| 500 | _aIncludes appendix and index | ||
| 650 |
_aEducation _91169 |
||
| 650 |
_aInformation technology _980955 |
||
| 942 |
_2ddc _cEN _h371 _mKRI |
||
| 999 |
_c123100 _d123100 |
||